000 00494nam a22001817a 4500
005 20251108170848.0
008 250721s1998 xx 000 0 ara d
082 1 4 _aط/611.2/تنف
245 1 0 _aالتنفس والدم /
264 1 _aبيروت :
_bأكاديميا،
_c1998.
300 _a32ص
490 0 _aجسم الأنسان
650 1 7 _aالجاز التنفسي
650 1 7 _aالدم
653 _aناشئون صغار (10-14) سنة
942 _2ddc
_cBK
999 _c50760
_d50760